First Five Capitals Alphabetically by Continent - Statistics

General Stats
  • This quiz has been taken 55 times
    49 since last reset
  • The average score is 21 of 30
Answer Stats
Continent Country % Correct
South America Brasilia
97%
South America Asuncion
91%
South America Caracas
91%
South America Buenos Aires
88%
Africa Accra
85%
South America Bogota
85%
Europe Andorra La Vella
82%
Africa Abuja
79%
Africa Algiers
79%
Asia Amman
79%
Europe Amsterdam
79%
Asia Ankara
79%
Oceania Canberra
79%
Asia Abu Dhabi
76%
Africa Addis Ababa
76%
Europe Athens
76%
Oceania Apia
71%
Europe Belgrade
71%
Africa Antananarivo
68%
Asia Ashgabat
68%
North America Belmopan
65%
North America Bridgetown
65%
Europe Berlin
59%
North America Castries
56%
Oceania Honiara
56%
North America Basseterre
53%
Oceania Funafuti
50%
Oceania Majuro
38%
Asia Baghdad
32%
North America Guatemala City
18%
No matching quizzes found
Score Distribution
Percent of People with Each Score
Percentile by Number Answered
Your Score History
You have not taken this quiz since the last reset